Hodnotenie systému rozvoja ľudských zdrojov

Cieľom stratégie riadenia ľudských zdrojov každého podniku je maximalizácia návratnosti investície do ľudských zdrojov a minimalizácia rizika tejto investície. Hodnotenie úspešnosti systému rozvoja ľudských zdrojov. Pravidlá investícií do ľudských zdrojov. Kirkpatrikov a Phillipsov model. Miery návr...

Descrizione completa

Salvato in:
Dettagli Bibliografici
Autore principale: Marcinová, Viera
Natura: Capitolo di libro
Lingua:slovacco
Soggetti:
Tags: Aggiungi Tag
Nessun Tag, puoi essere il primo ad aggiungerne!!

MARC

LEADER 00000nla a2200000 4500
001 0175914
005 20221020084842.8
041 0 |a slo 
044 |a SK 
245 1 0 |a Hodnotenie systému rozvoja ľudských zdrojov  |c Viera Marcinová 
520 |a Cieľom stratégie riadenia ľudských zdrojov každého podniku je maximalizácia návratnosti investície do ľudských zdrojov a minimalizácia rizika tejto investície. Hodnotenie úspešnosti systému rozvoja ľudských zdrojov. Pravidlá investícií do ľudských zdrojov. Kirkpatrikov a Phillipsov model. Miery návratnosti investícií do ľudského kapitálu. 
610 2 0 |a podnik 
610 2 0 |a rozvoj pracovníkov 
610 2 0 |a riadenie ľudských zdrojov 
610 2 0 |a investície nevýrobné 
610 2 0 |a návratnosť investícií 
100 1 |a Marcinová, Viera